00404 2200145 4500001002100000008004100021035002000062245003200082100002400114260003600138300001400174082001400188650004300202990001300245INLIS000000000001415 ind  a0010-0423001415 aNABI DITENTANG DAN DIKENANG aABU FAJAR AL-QALAMI aJAKARTAbGITA MEDIA PRESSc2002 ahlm.ccm. a297.911 3 aZAMAN NABI MUHAMMAD SAW - KEPEMIMPINAN a102237-1